000 00441nam a2200157Ia 4500
003 LK-CoDNM
008 010623t1961 xxu||||| |||| 00| 1 eng d
040 _aLK-CoDNM
_dLK-CoDNM
_eLK-CoDNM
041 _aeng
080 _a392.3
_bFIR
100 _aFirth,Raymond
245 _aWe,The Tikopia : A Sociological Study of Kinship in Primitive Polynesia
260 _bGeorge Allen Unwin LTD
_aLndon
_c1961
300 _b605p, 21 cm
942 _cBK
999 _c105644
_d105644